| 000 | 00531nam a22001697a 4500 | ||
|---|---|---|---|
| 003 | BD-DhUL | ||
| 005 | 20171121120951.0 | ||
| 008 | 171121snd. ii ||||| |||| 00| 0 per d | ||
| 040 |
_aBD-DhUL _cBD-DhUL |
||
| 082 |
_a891.551 _bRUS |
||
| 100 | 1 | _aرومی، جلال الدین | |
| 245 | 0 |
_aشرح مثنوی معنوی : _cجلال الدین رومی _bجلد ۱-۶ / |
|
| 260 |
_aنول کشور : _bمطبع نامی منشی، _c۔ |
||
| 300 |
_aجلد ۱-۶ ؛ _c۲۴ سم۔ |
||
| 650 | 0 | _aPersian poetry | |
| 942 |
_2ddc _cBK |
||
| 999 |
_c232290 _d232290 |
||